000 00509nam a2200181Ia 4500
005 20240116095423.0
008 131103s9999 xx 000 0 und d
040 _aLoreto College
041 _aEnglish
082 _a370
_bDEW
245 _aJohn Dewey on Education,
250 _a Seleced writings John Dewey
_bEdited and introduction by Reginald D.
260 _aNew York
_bThe Modern Library
_c1964
300 _axxx,139 p.
700 _aArchambault, Reginal D,ed.
850 _aLCLIB
942 _cBK
999 _c2911
_d53390